000 00613nam a22001337a 4500
040 _cRUA
082 _aFOR HEM 1996 B123 Or.1
100 _aHEM, SOKHA.
245 _aThe study of tree planted and being planted in cambodia by 1995, ការសិក្សាអំពីដំណាំឈើដែលបានដាំ និងកំពង់ដាំនៅកម្ពុជាគិតមកទល់ឆ្នាំ ១៩៩៥
260 _aPhnom Penh
_bRUA
_c1996
300 _a87p.
_bill.
_c29cm.
856 _uhttps://drive.google.com/file/d/1S0sHsOPmS3M8U330vDisYsJ6fER8V0JF/view?usp=sharing
942 _cFOR
999 _c3112
_d3112